| 000 | 00358nam a22001217a 4500 | ||
|---|---|---|---|
| 999 |
_c1556 _d1556 |
||
| 005 | 20200901143549.0 | ||
| 008 | 200901b ||||| |||| 00| 0 eng d | ||
| 020 | _a713609362 | ||
| 040 | _cCML | ||
| 245 |
_aApproach to Mathematics. _cMarsh, L. |
||
| 260 |
_aGreat Britain _bA. and C. Black Ltd _c1969 |
||
| 942 |
_2ddc _cBK _e1st Edition _h510 _mMAR |
||